000 00218nam a2200097Ia 4500
008 240331s9999 xx 000 0 und d
082 _bRAJ
100 _aRajanarayanan, K
245 0 _aK.Rajanarayanan pathikal
942 _cL
999 _c3701
_d3701